000 00404nam a2200157Ia 4500
003 Ost
005 20260225132546.0
008 260225s9999||||xx |||||||||||||| ||und||
040 _cfsic
041 _afre
082 _a440
100 _aLeszek Bolakowski
_eAuteur
245 0 _aL'esprit révolutionnaire suivi de marscisme :
245 0 _butopie et anti -utopie /
_cLeszek Bolakowski
942 _cكتاب
999 _c33849
_d33849